000
00253nam a2200109Ia 4500
008
200302s9999 xx 000 0 und d
100
_a
Kidder Smith
245
_a
Sweden Builds
260
_b
The Architectural Press Ltd.
260
_c
1957
300
_a
270 P.,
999
_c
324
_d
324